000 00644cam a22001697a 4500
008 180718b2009 xxu||||| |||| 00| 0 eng d
020 _a9789380162805
082 _aBA27x54 V559s
245 _aScheduled castes of India: an statistical report states and districts
_cedited by C. Venkataiah and A. Banerjea
260 _aNew Delhi
_bArise
_c2009
300 _a5 vols.
500 _aContents: v.1. A-B, 366p.; v.2. C-E, pp.367-622; v.3. G-K, pp.623-1016; v.4. L-R, pp.1017-1398; v.5. S-Z, pp.1399-1566
650 _aDlits -India
650 _aScheduled castes and scheduled tribes -India
700 _aBanerjea, A.
700 _aVenkataiah, C.
999 _c430665
_d430665